000 00447 a2200133 4500
020 _a817169523X (hardcover)
020 _a9788171695232 (hardcover)
090 _c5224
_d5224
245 0 0 _aSafety security and loss prevention management.
260 _a[S.l.] :
_bCommonwealth Publishers,
_c1998.
300 _a1 v. (unpaged)
856 4 0 _3Amazon.com
_uhttp://www.amazon.com/exec/obidos/ASIN/817169523X/chopaconline-20
942 _aNBS
_cBK
_k658.4 DIW
999 _c347642
_d347642